01340nam a2200349Ia 4500001001200000003000800012006001900020007001500039008004100054010001700095020002700112020003000139020002600169040002100195035002100216050002400237082001600261245008800277260004900365300003800414490005500452504005100507533015200558650002200710650002100732655002900753700001900782700002700801710001700828856012600845999001900971ebr10660300CaPaEBRm u cr cn|||||||||090212s2009 nyua sb 001 0 eng d z 2009005001 z1607410745 (hardcover) z9781607410744 (hardcover) z9781608766512 (ebook) aCaPaEBRcCaPaEBR a(OCoLC)76831039614aTD878b.S667 2009eb04a628.5/522200aSoil remediationh[electronic resource] /cLukas Aachen and Paul Eichmann, editors. aNew York :bNova Science Publishers,cc2009. axvii, 402 p. :bill. (some col.).0 aPollution science, technology and abatement series aIncludes bibliographical references and index. aElectronic reproduction.bPalo Alto, Calif. :cebrary,d2013.nAvailable via World Wide Web.nAccess may be limited to ebrary affiliated libraries. 0aSoil remediation. 0aSoil protection. 7aElectronic books.2local1 aAachen, Lukas.1 aEichmann, Paul,d1966-2 aebrary, Inc.40uhttp://site.ebrary.com/lib/rucke/Doc?id=10660300zAn electronic book accessible through the World Wide Web; click to view c170240d170240